000 00840nab a2200253 u 4500
001 17329
003 HDC
007 cr bn ---aaaaa
008 210223c20110131xx dr|noo 0 a eng d
040 _aHDC
100 _aNasriah Darus
_eauthor
_916784
245 0 _aMalaysia: Sarawak To Promote Halal Hub / by
_cNasriah Darus
260 _a[No place] :
_b[publisher not identified],
_c2011
336 _atext
_2rdacontent
337 _acomputer
_2rdamedia
338 _aonline resource
_2rdacarrier
650 _aHalal hub
_zSarawak
_916785
650 _aHalal industry
_9144
710 _aHalal Focus
856 _zRequest full-text at [email protected]
942 _2lcc
942 _cNEWS
942 _kNWSO 005908
999 _c14645
_d14645